Statistics for Fudge Series Franchise

Click here to take the quiz!

General Stats

  • This quiz has been taken 6 times
  • The average score is 3 of 6

Answer Stats

TypeYearNameInfo% Correct
TV Show1995-1997FudgeABC / CBS
100%
Children's Novel1980SuperfudgeJudy Blume
75%
Children's Novel1972Tales of a Fourth Grade NothingJudy Blume
50%
Children's Novel2002Double FudgeJudy Blume
25%
Children's Novel1990Fudge-a-ManiaJudy Blume
25%
Children's Novel1972Otherwise Known as Sheila the GreatJudy Blume
25%

Score Distribution

Percentile by Number Answered

Percent of People with Each Score

Your Score History

You have not taken this quiz